000 00903nam a22002777a 4500
003 AR-FvUNAJ
005 20231124100208.0
008 231003b ||||| |||| 00| 0 spa d
015 _2AR-FvUNAJ
020 _a978-92-1-058573-6
040 _cAR-FvUNAJ
082 1 4 _214
_a330.98
110 2 _93350
_aComisión Económica para América Latina y el Caribe
245 1 0 _aBalance preliminar de las economías de América Latina y el Caribe :
_b2016 /
_cCEPAL
260 _aSantiago de Chile :
_bNaciones Unidas,
_c2016.
300 _a126 p.
650 1 7 _2unescot
_9524
_aECONOMIA
650 2 7 _2unescot
_95292
_aPOLÍTICA MONETARIA
650 2 7 _2unescot
_92773
_aPOLITICA FISCAL
650 2 7 _2unescot
_9669
_aEMPLEO
650 2 7 _2unescot
_9423
_aSALARIO
651 1 7 _2unescot
_9735
_aAMERICA LATINA
651 1 7 _2unescot
_91480
_aCARIBE
942 _2ddc
_cLIBRO
980 _621568
_a Nuñez
_821568
_g Nuñez
999 _c10118
_d10118